La subordinación relativa y completiva en el teatro clásico francés / (Record no. 111393)

MARC details
000 -LEADER
campo de control de longitud fija 00671nam a2200181 4500
001 - NÚMERO DE CONTROL
campo de control 111393
003 - IDENTIFICADOR DE NÚMERO DE CONTROL
campo de control ES-MaACL
005 - FECHA Y HORA DE LA ÚLTIMA TRANSACCIÓN
campo de control 20230906185308.0
007 - CAMPO FIJO DE DESCRIPCIÓN FÍSICA--INFORMACIÓN GENERAL
campo de control de longitud fija t|
008 - DATOS DE LONGITUD FIJA--INFORMACIÓN GENERAL
campo de control de longitud fija 061121s1978 sp r ||||1| spa d
100 1# - ENTRADA PRINCIPAL--NOMBRE DE PERSONA
Nombre de persona Olivares Vaquero, María Dolores.
9 (RLIN) 86776
245 13 - MENCIÓN DEL TÍTULO
Título La subordinación relativa y completiva en el teatro clásico francés /
Mención de responsabilidad, etc. María Dolores Olivares Vaquero.
260 ## - PUBLICACIÓN, DISTRIBUCIÓN, ETC.
Lugar de publicación, distribución, etc. Santiago de Compostela :
Nombre del editor, distribuidor, etc. Secretariado de Publicaciones, Universidad,
Fecha de publicación, distribución, etc. 1978.
300 ## - DESCRIPCIÓN FÍSICA
Extensión 759 p. ;
Dimensiones 21 cm.
502 ## - NOTA DE TESIS
Nota de tesis Tesis universitarias de santiago de compostela.
710 2# - ENTRADA AGREGADA--NOMBRE DE ENTIDAD CORPORATIVA
Nombre de entidad corporativa o nombre de jurisdicción como elemento de entrada Universidad de Santiago de Compostela.
9 (RLIN) 7294
852 ## - LOCALIZACIÓN
Ubicación ES-MaACL
Número de control de estantería L-739
Sublocalización o colección R.100691
Holdings
Estatus retirado Estado de pérdida Estado de daño No para préstamo Biblioteca de origen Biblioteca actual Ubicación en estantería Fecha de adquisición Fuente de adquisición Total de préstamos Signatura topográfica completa Código de barras Visto por última vez Precio de reemplazo Tipo de ítem Koha
        Biblioteca del Ateneo de Madrid Biblioteca del Ateneo de Madrid Depósito 2 17/01/2008     L-739 1116213 23/02/2023 23/02/2023 Libro impreso